000 00432nam a22001697a 4500
005 20180613143553.0
008 160615b xxu||||| |||| 00| 0 eng d
020 _a81-203-2610-5
041 _aeng
082 _b7873
_a657
100 _aBodhanwala, Ruzbeh j
_94352
245 _aUnderstanding and analysing balance sheets using excel worksheet
260 _bPHI
_c2004
300 _a218
650 _aManagement
_9241
942 _cBK
999 _c2843
_d2842